MDQL
is popping MORE tags! Check the
thread
!
Quizzes
Events
Quiz Creation
Community
Videos
Private Events
Remove Ads
Sign In
Join for FREE
Feedback
Dark Mode
Quiz Categories
Sports
Geography
Music
Movies
Television
Just For Fun
Miscellaneous
History
Literature
Language
Science
Gaming
Entertainment
Religion
Holiday
For Kids
Quiz Lab
Recent
Popular Today
Quiz Kudos Today
Editor Picks
Curator Picks
Quizzes by...
Day
Popularity
Type
Ratings
Length
Year
Community
Subscriptions
Recent Discussions
Orange Saloon
Badges
Playlists
Quests
Create
Leaderboards
Showdown
Live 5
Trivia Bingo
Activity
Puzzle Library
Sporcle Events
Private Events
Virtual Trivia
Globe League
Become a Host
Pub Owners
SporcleCon
Opinionation
Our Games
Videos
Blog
Mobile Apps
Partnerships
Remove Ads and Go Orange
Feedback
Movies
Disney
Marvel Cinematic Universe
Movie Resume
Movie Titles
Oscar
Actor
Actress
Director
Pixar
Role
Movie Quotes
Movie Characters
Box Office
Nominee
Best Picture
Star Wars
James Bond
Horror Movies
Movies
Disney
Marvel Cinematic Universe
Movie Resume
Movie Titles
Oscar
Actor
Actress
Director
Pixar
Role
Movie Quotes
Movie Characters
Box Office
Nominee
Best Picture
Star Wars
James Bond
Horror Movies
Random Quiz
Search Sporcle
×
Quiz Lab
Quiz Lab
Movies
Explanation
Type in answers that appear in a list
Type in answers that appear in a list
Classic
Best Score? Go Orange.
Movies By Title Explanation Stats
Can you name the movies by the explanation of the title?
By
Jeff_W
7m
20 Questions
360 Plays
360 Plays
360 Plays
Comments
Comments
Give Quiz Kudos
Give Quiz Kudos
-
- Ratings
hide this ad
Replay
Link that replays current quiz
Next Quiz
Link to next quiz in quiz playlist
You Got
0%
They Got
Avg Score
38%
Avg Friend Score
Upgrade to see
Score Distribution
Jump to the score distribution portion of the page
Score
0/20
Timer
07:00
0
Plays Today
Explanation
Movie
% Correct
Jeff broke his leg so he looks out of it a lot, since he has nothing else to do in his apartment.
Rear Window
68.9%
Well, the first scene takes place there; it's in North Dakota.
Fargo
65%
Not the actual animal, just a boxer who tends to act like one.
Raging Bull
59.4%
He wasn't actually an animal; he just had a messed up face.
The Elephant Man
59.4%
The 'third act' of a magic trick.
The Prestige
58.9%
No, it didn't actually stop turning, everyone was just spellbound by the alien robot.
The Day the Earth Stood Still
56.9%
The baby's only the son of Satan, nothing that exciting.
Rosemary's Baby
51.7%
It's the protaganist, the antagonist, and some guy who isn't attractive, but works with the protagonist.
The Good, The Bad, and The Ugly
50.8%
Scottie is a little scared of heights. He doesn't do too well chasing criminals across rooftops.
Vertigo
41.9%
No, not explosions, just enlarging photographs.
Blowup
39.7%
Explanation
Movie
% Correct
Hmm... Their first 8 plans must have failed.
Plan 9 From Outer Space
38.3%
Oh, you know, that fast jazz stuff... Some people like it that way.
Some Like It Hot
29.2%
He came from a family of Jewish cantors, but he just wanted to sing that new stuff... And somehow, the world could hear him sing.
The Jazz Singer
27.8%
The director had previously done six full-
length movies, two shorts, and one collaboration with Alberto Lattuada.
8 1/2
26.9%
It's pretty much just a giant cage, used in a ritual on some strange island.
The Wicker Man
23.1%
Just some street where a bunch of rich people live... And the site of a homocide.
Sunset Blvd.
22.5%
Actually the name of a ballet in the movie; it isn't a documentary about footwear.
The Red Shoes
18.9%
Just some political metaphor about the gold standard.
The Wizard of Oz
14.7%
It's none other than Tomania's Hynkel! Or is it that poor barber who lost his memory in the first World War?
The Great Dictator
10.8%
Who is he? That's what Holly Martins wants to know.
The Third Man
8.6%
Quiz Playlist
Details
Report
Send in Message
Add To Playlist
Classic:
Type in answers that appear in a list
Last Updated: Feb 16, 2017
Quiz Scoreboard
CHALLENGE
Sign Up to Join the Scoreboard
Show All
Scores
Hide
Comments
May contain spoilers
Recently Published
Holiday 10x10 Sorting Gallery
by lukepisani3
Holiday
15m
Two Season TV Shows II
by 123Four
Television
10m
Image Sorting: Flags VI
by Barbecue
Geography
2m
More to Explore
Quiz From the Vault
Featured Blog Post
14 Easter Pick-up Lines to Find Eggs With
hide this ad
You Might Also Like...
Tags
description
Explanation
Today's Top Quizzes in Movies
Browse Movies
hide this ad
Today's Top Quizzes in Explanation
Browse Explanation
Top Contributed Quizzes in Movies
1
The ultimate James Bond movie quiz
2
Find The 'Big' Movie
3
Find The 'Wild' Movie
4
Find The 'Blue' Movie
5
Movies By Plot
6
Hidden Star Wars Character II
7
25 Best Actor Nominees (1990s)
8
Hidden Star Wars Character III
9
😉 2024 Oscar Nominees by Emoji
10
Hidden Star Wars Character IV
Explore More
Trending Topics
Marvel
Kpop
NBA
Crossword
Harry Potter
Anime
Disney
Pokémon
WWE
Puzzle
NFL
Soccer
The Office
Song
Country
hide this ad
More By:
Jeff_W
Quiz
Plays
Rating
Category
Featured
Created
Movie By Opening Line II
107,312
4.16
Movies
May 9, 2010
Directors by Their First Film
26,560
4.23
Movies
Aug 21, 2010
Nirvana Albums
17,032
4.61
Music
Sep 24, 2009
Top 50 Horror Films According to IMDB
3,452
4.00
Movies
Feb 23, 2010
Movies by Penultimate Line
2,957
3.79
Movies
Jul 13, 2010
Go to Creator's Profile
Score Distribution
Quiz Creator Spotlight
Jeff_W
Follow
Send a Message
Quizzes Created
-
Created Quiz Play Count
-
More By This Creator
Popular Quizzes Today
1
Find the US States - No Outlines Minefield
2
Colored Red Africa Blitz
3
Find the 'City' Movie
4
The Countries of the World
5
Find the US States
6
5x2 Blitz: Bands
7
Find the Countries of Europe - No Outlines Minefield
8
US States
More Movies Quizzes
Leonardo DiCaprio Movies by Last 3 Letters
Published
Trending Quizzes
Colored Red Europe Blitz I
Colored Red Europe Blitz II
Colored Red Africa Blitz II
Colored Red Europe Blitz III
Colored Red Africa Blitz III
Recently Updated
Odd Team Out - Big 4 Players
pecheneg
Quick Pick: 20 Twenties
pecheneg
March Madness Men's Triple Doubles
pecheneg
How Do You Spell That?
pecheneg
Godzilla Movies
pecheneg
Grab Bag: 4-10 Letters
pecheneg
2024 March Madness Bracket
pecheneg
Famous TV Couples
Peacemaker
Champions League XIs: Real Madrid
pecheneg
Largest US Cities 1790-2010
pecheneg
Trending Topics
Anime
NBA
Disney
Kpop
Marvel
Harry Potter
Crossword
WWE
NFL
Puzzle
The Office
Pokémon
Song
Soccer
Country
Your Account Isn't Verified!
In order to create a playlist on Sporcle, you need to verify the email address you used during registration. Go to your
Sporcle Settings
to finish the process.
Report this User
Report this user for behavior that violates our
Community Guidelines
.
Details:
Send Report
Go to the Sporcle.com Mobile Site →
Comments